Southville International School and Colleges
Your cart is empty.
  • Cart
  • Lists
    Public lists Eva Luna New books Lux_list list_1
    Your lists Log in to create your own lists
  • Log in to your account
  • Your cookies
  • Search history
Southville International School and Colleges
  • Advanced search
  • Recent comments
  • Most popular
  • Libraries

Log in to your account

Log in with GOOGLE


If you do not have an external account, but do have a local account, you can still log in:

  1. Home
  2. MARC view: Golden goose, The /
Normal view MARC view ISBD view

Golden goose, The / (Record no. 111331)

[ view plain ]
MARC details
000 -LEADER
fixed length control field 00446nam a2200169 a 4500
001 - CONTROL NUMBER
control field 3186
005 - DATE AND TIME OF LATEST TRANSACTION
control field 20140414131913.0
008 - FIXED-LENGTH DATA ELEMENTS--GENERAL INFORMATION
fixed length control field 060202s19uu xx 00 eng d
020 ## - INTERNATIONAL STANDARD BOOK NUMBER
International Standard Book Number 043998719-9
050 ## - LIBRARY OF CONGRESS CALL NUMBER
Classification number ER
Item number G54 2000
100 ## - MAIN ENTRY--PERSONAL NAME
Personal name Reid, Barbara
245 ## - TITLE STATEMENT
Title Golden goose, The /
Statement of responsibility, etc Barbara Reid.
260 ## - PUBLICATION, DISTRIBUTION, ETC. (IMPRINT)
Place of publication, distribution, etc Canada :
Name of publisher, distributor, etc North Winds Press,
Date of publication, distribution, etc 2000.
300 ## - PHYSICAL DESCRIPTION
Extent 30 p. ; cm.
650 ## - SUBJECT ADDED ENTRY--TOPICAL TERM
Topical term or geographic name as entry element Goose
General subdivision Fiction
-- Children stories.
Holdings
Withdrawn status Lost status Damaged status Use restrictions Home library Current library Shelving location Date acquired Source of acquisition Total Checkouts Full call number Barcode Date last seen Price effective from Koha item type
        Munich Library Munich Library Easy Reading Section 02/02/2006     ER G54 2000 M2007 04/14/2014 04/14/2014 Books

Golden goose, The /

APA

Reid B., . (2000). Golden goose, The. Canada: North Winds Press.

Chicago

Reid Barbara, . 2000. Golden goose, The. Canada: North Winds Press.

Harvard

Reid B., . (2000). Golden goose, The. Canada: North Winds Press.

MLA

Reid Barbara, . Golden goose, The. Canada: North Winds Press. 2000.

  • Place hold
  • Print
  • Cite
  • Add to your cart (remove)
  • Save record
    BIBTEX Dublin Core MARCXML MARC (non-Unicode/MARC-8) MARC (Unicode/UTF-8) MARC (Unicode/UTF-8, Standard) MODS (XML) RIS
  • More searches
    Search for this title in:
    Other Libraries (WorldCat) Other Databases (Google Scholar) Online Stores (Bookfinder.com) Open Library (openlibrary.org)

Exporting to Dublin Core...

SOUTHVILLE LIBRARY

Southville International School and Colleges Library

1281 Tropical Ave. Cor. Luxembourg St., BF Homes International, Las Pinas City

Tel. No. 8256374 / 252358 Loc. 117/146

Powered by Koha